01067cam a2200265 450000100100000000500170001000800410002702000150006804000250008310000320010824500540014026000510019430000210024549000340026650000740030050000210037450400340039560000370042965000790046665100520054565000410059783000410063895201050067999900170078400001824520200929165422.0701124s1970 xxc 001 0beng  a0802052398 aDO-SdBNPcspadBNPHU1 aDoucette, Leonard E.93951700aEmery Bigot; seventeenth-century French humanist. aToronto :bUniversity of Toronto Press,c1970. a204 p. ;c24 cm.1 aUniversity of Toronto romance aIncluye referencias bibliográficas y notas al pie de las páginas. aIncluye índice aBibliografía: p. [177]-194.10aBigot, Emery,d1626-1689.939518 0aLatin philologyxStudy and teachingzFrancexHistoryy17th century.939519 0aFrancexIntellectual Lifey17th century.939520 0aHumanistszFrancexBiography.939521 0aUniversity of Toronto romance939522 001050718MOaGRbGRcCTd2010-04-22iLF1l0o p18245-10r2020-06-25w2020-06-25y1ZNo se presta c17766d17766